000 00430nam a22001817a 4500
003 MPLRDC
005 20220104114414.0
008 210129b ||||| |||| 00| 0 eng d
020 _a962-17-0005-1
082 _a848.2 LAa-7 c.2
100 _a李昂
245 _a暗夜
_c
250 _a第三版
260 _a
_b博益出版集团有限公司
_c1986
300 _b
650 _a现代别集
942 _cBK
_o848.2 LAa-7 c.2
999 _c7221
_d7211